Ossendowski und die Wahrheit (Record no. 6015)

MARC details
000 -CABECERA
campo de control de longitud fija 00548nam a2200205 a 4500
001 - NÚMERO DE CONTROL
campo de control BRCA_6329
005 - FECHA Y HORA DE LA ÚLTIMA TRANSACCIÓN
campo de control 20190320205420.0
008 - DATOS DE LONGITUD FIJA--INFORMACIÓN GENERAL
campo de control de longitud fija 100811s1925----gw-#######---#000-0#ger-#
041 ## - CÓDIGO DE LENGUA
Código de lengua del texto/banda sonora o título independiente ger
044 ## - CÓDIGO DEL PAÍS DE LA ENTIDAD EDITORA/PRODUCTORA
Código MARC del país gw
050 #4 - SIGNATURA TOPOGRÁFICA DE LA BIBLIOTECA DEL CONGRESO
Número de clasificación DS793
Número de documento/Ítem .M7 O75
-- 1925
100 1# - ENTRADA PRINCIPAL--NOMBRE DE PERSONA
Nombre de persona Hedin, Sven Anders
Fechas asociadas al nombre 1865-1952
9 (RLIN) 15873
245 10 - MENCIÓN DE TÍTULO
Título Ossendowski und die Wahrheit
Mención de responsabilidad, etc. Sven Hedin.
260 ## - PUBLICACIÓN, DISTRIBUCIÓN, ETC.
Lugar de publicación, distribución, etc. Leipzig
Nombre del editor, distribuidor, etc. F. A. Brockhaus
Fecha de publicación, distribución, etc. 1925
300 ## - DESCRIPCIÓN FÍSICA
Extensión 111 p.
Dimensiones 19cm.
500 ## - NOTA GENERAL
Nota general K16
600 14 - PUNTO DE ACCESO ADICIONAL DE MATERIA--NOMBRE DE PERSONA
Nombre de persona Ossendowski, Ferdynand Antoni
Fechas asociadas al nombre 1878-1945
9 (RLIN) 15774
902 ## - CATALOGADOR
Iniciales GFM
942 ## - ELEMENTOS DE PUNTO DE ACCESO ADICIONAL (KOHA)
Fuente del sistema de clasificación o colocación Library of Congress Classification
Tipo de ítem Koha Libros
Holdings
Estado de retiro Estado de pérdida Estado dañado No para préstamo Localización permanente Ubicación/localización actual Fecha de adquisición Número de inventario Total de préstamos Signatura topográfica completa Código de barras Fecha visto por última vez Precio válido a partir de Tipo de ítem Koha
El ejemplar forma parte de la colección y puede ser consultado según las políticas vigentes.       Biblioteca del Museo Franz Mayer (Rogerio Casas-Alatriste) Biblioteca del Museo Franz Mayer (Rogerio Casas-Alatriste) 10/08/2011 K16   DS793 .M7 O75 1925 (K16) 6776 22/03/2019 22/03/2019 Libros